<?xml version="1.0" encoding="UTF-8"?><?xml-stylesheet type="text/xsl" href="static/style.xsl"?><OAI-PMH xmlns="http://www.openarchives.org/OAI/2.0/" xmlns:xsi="http://www.w3.org/2001/XMLSchema-instance" xsi:schemaLocation="http://www.openarchives.org/OAI/2.0/ http://www.openarchives.org/OAI/2.0/OAI-PMH.xsd"><responseDate>2026-06-07T06:25:00Z</responseDate><request verb="GetRecord" identifier="oai:riuma.uma.es:10630/46505" metadataPrefix="marc">https://riuma.uma.es/rest/oai/request</request><GetRecord><record><header><identifier>oai:riuma.uma.es:10630/46505</identifier><datestamp>2026-04-30T23:46:26Z</datestamp><setSpec>com_10630_2254</setSpec><setSpec>col_10630_37953</setSpec></header><metadata><record xmlns="http://www.loc.gov/MARC21/slim" xmlns:dcterms="http://purl.org/dc/terms/" xmlns:doc="http://www.lyncode.com/xoai" xmlns:xsi="http://www.w3.org/2001/XMLSchema-instance" xsi:schemaLocation="http://www.loc.gov/MARC21/slim http://www.loc.gov/standards/marcxml/schema/MARC21slim.xsd">
   <leader>00925njm 22002777a 4500</leader>
   <datafield ind2=" " ind1=" " tag="042">
      <subfield code="a">dc</subfield>
   </datafield>
   <datafield ind2=" " ind1=" " tag="720">
      <subfield code="a">García-Ruiz, Carmen Rosa</subfield>
      <subfield code="e">author</subfield>
   </datafield>
   <datafield ind2=" " ind1=" " tag="260">
      <subfield code="c">2005</subfield>
   </datafield>
   <datafield ind2=" " ind1=" " tag="520">
      <subfield code="a">Este artículo forma parte de un estudio a largo plazo que intenta profundizar en
problemas como el conocimiento disciplinar y didáctico, los procesos de enseñanza y
aprendizaje, el contenido, los métodos, los recursos, la planificación y lo que es más
importante, la consecución de los objetivos que justifican la presencia de la historia en
el currículum. Partimos de esa premisa porque creemos, junto a otros autores, que los
problemas educativos actuales pueden ser proyectados al pasado y a partir de una
investigación histórica, profundizar en nuestra propia experiencia para mejorar la
práctica educativa. Conocer qué, cómo y por qué se enseñaba historia en determinados
contextos históricos será nuestra pretensión, pero aquí no podemos más que adelantar
unas ideas iniciales, aún no elaboradas con la complejidad deseada.</subfield>
   </datafield>
   <datafield ind1="8" ind2=" " tag="024">
      <subfield code="a">García Ruiz, Carmen Rosa (2005). L´enseignement de l´histoire nationale dans l´Italie fasciste et l´Espagne franquiste. Le Cartable de Clio, 5, 322-331, Loisirs et Pédagogie, Lausanne. ISSN 2-606-01090-6</subfield>
   </datafield>
   <datafield ind1="8" ind2=" " tag="024">
      <subfield code="a">https://ecoleclio.hypotheses.org/625/clio5</subfield>
   </datafield>
   <datafield ind1="8" ind2=" " tag="024">
      <subfield code="a">https://hdl.handle.net/10630/46505</subfield>
   </datafield>
   <datafield tag="653" ind2=" " ind1=" ">
      <subfield code="a">Historia - Estudio y enseñanza</subfield>
   </datafield>
   <datafield tag="653" ind2=" " ind1=" ">
      <subfield code="a">Investigación activa en educación</subfield>
   </datafield>
   <datafield ind2="0" ind1="0" tag="245">
      <subfield code="a">L´enseignement de l´histoire nationale dans l´Italie fasciste et l´Espagne franquiste</subfield>
   </datafield>
</record>
</metadata></record></GetRecord></OAI-PMH>